<?xml version="1.0" encoding="UTF-8"?>
<record
    xmlns:xsi="http://www.w3.org/2001/XMLSchema-instance"
    xsi:schemaLocation="http://www.loc.gov/MARC21/slim http://www.loc.gov/standards/marcxml/schema/MARC21slim.xsd"
    xmlns="http://www.loc.gov/MARC21/slim">

  <leader>01009nam a2200265 a 4500</leader>
  <controlfield tag="001">BRCA_8362</controlfield>
  <controlfield tag="005">20190320210241.0</controlfield>
  <controlfield tag="008">290714s1800----fr-ae##f##---#000-0#fre-#</controlfield>
  <datafield tag="041" ind1=" " ind2=" ">
    <subfield code="a">fre</subfield>
  </datafield>
  <datafield tag="044" ind1=" " ind2=" ">
    <subfield code="a">fr</subfield>
  </datafield>
  <datafield tag="050" ind1=" " ind2="4">
    <subfield code="a">DC729</subfield>
    <subfield code="b">.M3 1705</subfield>
  </datafield>
  <datafield tag="100" ind1="1" ind2=" ">
    <subfield code="a">Mare, Nicolas de la</subfield>
    <subfield code="d">1639-1723</subfield>
    <subfield code="9">20947</subfield>
  </datafield>
  <datafield tag="245" ind1="1" ind2="0">
    <subfield code="a">Lutece ou premier plan de Ville de Paris.</subfield>
    <subfield code="b">tir&#xE9; de Cesar de Strabon, de l&#xB4;Emperador Julien et d&#xB4;Amian Marcelin</subfield>
    <subfield code="c">Nicolas de la Mare, cartographe et Antoine Coquart, graveur.</subfield>
  </datafield>
  <datafield tag="260" ind1=" " ind2=" ">
    <subfield code="a">Paris</subfield>
    <subfield code="b">Suis de la Curi</subfield>
    <subfield code="c">[1705]</subfield>
  </datafield>
  <datafield tag="300" ind1=" " ind2=" ">
    <subfield code="a">1 v. (sin paginaci&#xF3;n)</subfield>
    <subfield code="b">il., 47 l&#xE1;minas, planos</subfield>
    <subfield code="c">29 cm.</subfield>
  </datafield>
  <datafield tag="500" ind1=" " ind2=" ">
    <subfield code="a">En lomo: PAR DEIS-3513 (invertido el n&#xFA;mero) SUIS DE LA CURI</subfield>
  </datafield>
  <datafield tag="500" ind1=" " ind2=" ">
    <subfield code="a">Estado f&#xED;sico: lomo y tapas rotas del lado de la cofia</subfield>
  </datafield>
  <datafield tag="500" ind1=" " ind2=" ">
    <subfield code="a">R99</subfield>
  </datafield>
  <datafield tag="650" ind1="1" ind2="4">
    <subfield code="a">Arquitectura y urbanismo</subfield>
    <subfield code="z">Paris, Francia</subfield>
    <subfield code="9">20948</subfield>
  </datafield>
  <datafield tag="651" ind1=" " ind2="4">
    <subfield code="a">Paris</subfield>
    <subfield code="v">Cartograf&#xED;a</subfield>
    <subfield code="9">20949</subfield>
  </datafield>
  <datafield tag="651" ind1=" " ind2="4">
    <subfield code="a">Paris</subfield>
    <subfield code="x">Historia</subfield>
    <subfield code="y">Siglo XVI</subfield>
    <subfield code="9">20950</subfield>
  </datafield>
  <datafield tag="700" ind1="1" ind2=" ">
    <subfield code="a">Coquart, Antoine</subfield>
    <subfield code="e">il.</subfield>
    <subfield code="9">20951</subfield>
  </datafield>
  <datafield tag="902" ind1=" " ind2=" ">
    <subfield code="a">GFM</subfield>
  </datafield>
  <datafield tag="942" ind1=" " ind2=" ">
    <subfield code="2">lcc</subfield>
    <subfield code="c">B</subfield>
  </datafield>
  <datafield tag="999" ind1=" " ind2=" ">
    <subfield code="c">8030</subfield>
    <subfield code="d">8030</subfield>
  </datafield>
  <datafield tag="952" ind1=" " ind2=" ">
    <subfield code="0">0</subfield>
    <subfield code="1">0</subfield>
    <subfield code="4">0</subfield>
    <subfield code="7">0</subfield>
    <subfield code="a">BRCA</subfield>
    <subfield code="b">BRCA</subfield>
    <subfield code="d">2014-07-29</subfield>
    <subfield code="i">R99</subfield>
    <subfield code="l">0</subfield>
    <subfield code="o">DC729 .M3 1705 (R99)</subfield>
    <subfield code="p">8986</subfield>
    <subfield code="r">2019-03-22 00:00:00</subfield>
    <subfield code="w">2019-03-22</subfield>
    <subfield code="y">B</subfield>
  </datafield>
</record>
